Reasons for Rebellion against the British Rule in Ireland in the 19th Century bakalárska práca

Salvato in:
Dettagli Bibliografici
Autore principale: Karlubíková, Michaela
Ente Autore: Fakulta aplikovaných jazykov EU v Bratislave. Katedra interkultúrnej komunikácie
Altri autori: Bláhová, Mária
Natura: Libro
Lingua:inglese
Pubblicazione: Bratislava 2015
Tags: Aggiungi Tag
Nessun Tag, puoi essere il primo ad aggiungerne!!

MARC

LEADER 00000nbm a2200000 4500
001 0202012
005 20161212094206.2
041 0 |a eng 
044 |a SK 
245 1 0 |a Reasons for Rebellion against the British Rule in Ireland in the 19th Century  |b bakalárska práca  |c Michaela Karlubíková ; školiteľ: Mária Bláhová 
264 1 |a Bratislava  |c 2015 
300 |a 49 s. 
100 1 |a Karlubíková, Michaela 
700 1 |a Bláhová, Mária 
710 2 |a Fakulta aplikovaných jazykov EU v Bratislave. Katedra interkultúrnej komunikácie